1867 1639 1887 1959 1958 1949 1885 1164 1713 1742 1036 1644 1234 1987 1178 1601 1541 1076 1511 1091 1021 1069 1807 1449 1940 1046 1708 1187 1795 1047 1428 1018 1887 1397 1131 1867 1529 1057 1170 1855 1697 1084 1591 1346 1445 1359 1040 1842 1473 1325 1728 1756 1127 1591 1320 1407 1346 1422 1764 1323 1161 1082 1060 1128 1163 1136 1645 1147 1706 1070 1184 1043 1970 1468 1233 1943 1474 1596 1949 1067 1177 1002 1096 1595 1888 1829 1143 1602 1338 1847 1862 1966 1813 1870 1285 1873 1140 1285 1024 BCNSPRNW ULIB Ver.6.0+V

เปลี่ยนเป็นภาษาไทย

Change to English
 แสดงรายละเอียดบรรณานุกรม
  กลับหน้าหลัก

Brief Record : Get Marc (ISO 2709) : E-mail record : QR code < ปิดหน้าต่าง
LEADER : 00000nam 2200000uu 4500
001    13399121526
003     ULIB
008    121122s2546||||th 000 0 tha d
020    ^a9746443445
060 04 ^aWX167^bข136ม
100 0  ^aขจรศักดิ์ ศิลปโภชากุล
245 10 ^aมาตรการการควบคุมการติดเชื้อที่ไม่จำเป็นและวิธีการลดค่าใช้จ่ายในโรงพยาบาล /^cขจรศักดิ์ ศิลปโภชากุล
246 14 ^aมาตรการการควบคุมการติดเชื้อและวิธีลดค่าใช้จ่ายในโรงพยาบาล
250    ^aพิมพ์ครั้งที่ 1
260    ^a[สงขลา] :^bหน่วยผลิตตำรา คณะแพทยศาสตร์มหาวิทยาลัยสงขลานครินทร์,^c2546
300    ^a55 หน้า ;^c21 ซม.
500    ^aชื่อเรื่องบนปก :มาตรการการควบคุมการติดเชื้อและวิธีลดค่าใช้จ่ายในโรงพยาบาล
650  7 ^aการติดเชื้อ
650  7 ^aโรคติดเชื้อในโรงพยาบาล
710 2  ^aมหาวิทยาลัยสงขลานครินทร์. ^bคณะแพทยศาสตร์
945    ^p60^l0^i15435
995    ^aวิภา
999 ^a ใช้งานได้ทุกระบบ
รายการนี้ยังไม่มีแท็ก
คุณยังไม่ได้ล็อกอิน คุณสามารถมีกิจกรรมร่วมกับเว็บไซต์ได้ แต่ต้องล็อกอินก่อน ::
  ล็อกอิน

รายการสื่อสารสนเทศ

ลำดับที่ ประเภท เลขเรียก/บาร์โค้ด สถานที่ สถานะ
1. วิทยาศาสตร์การแพทย์ และสุขภาพ
วิทยาศาสตร์การแพทย์ และสุขภาพ
WX167 ข136ม  
  Barcode: 15435
ห้องสมุดวิทยาเขตสวรรค์ประชารักษ์
►หนังสือทั่วไป
บนชั้น

รายการใกล้เคียง
    หัวเรื่อง [การติดเชื้อ]
    หัวเรื่อง [โรคติดเชื้อในโรงพยาบาล]

BibComment


ยังไม่เคยถูกคอมเมนท์

คอมเมนท์ทรัพยากรรายการนี้
  คอมเมนท์: มาตรการการควบคุม..


 Copyright 2026. Bcnsprnw @Library